| 000 | 00468nam a2200157 i 4500 | ||
|---|---|---|---|
| 001 | 51922 | ||
| 003 | ES-MaACL | ||
| 007 | t| | ||
| 008 | 030821s1945 ag ||||1| spa d | ||
| 100 | 1 |
_aDassen, Rodolfo. _942783 |
|
| 245 | 1 | 0 |
_aDiagnóstico diferencial y tratamiento de las enfermedades internas / _cRodolfo Dassen. |
| 250 | _a3ª ed. | ||
| 260 |
_aBuenos Aires : _bEl Ateneo, _c1945 ( _fFerrari) |
||
| 300 |
_a793 p. ; _c26 cm. |
||
| 852 |
_aES-MaACL _jB-771 _bR.27391 |
||
| 999 |
_c51922 _d51922 |
||